000 00519nam a2200181Ia 4500
003 GCL
008 140319s9999 xx 000 0 ara d
040 _aGCL /
_cGCL
082 0 4 _a891.7
_bد م
100 1 _aسعد الغزالى
245 1 0 _aالمساكين /
_cسعد الغزالى
700 1 _aدستويفسكى
300 _a248 ص
490 _aمطبوعات الشرق
_v0
650 0 4 _aالقصص الروسية المترجمة
650 0 4 _aالادب الروسى المترجم
942 _2ddc
_cBK
999 _c47254
_d47254